| 000 -LEADER |
| fixed length control field |
00752nam a2200253Ia 4500 |
| 001 - CONTROL NUMBER |
| control field |
22753 |
| 003 - CONTROL NUMBER IDENTIFIER |
| control field |
GE_BSU |
| 005 - DATE AND TIME OF LATEST TRANSACTION |
| control field |
20220524135942.0 |
| 008 - FIXED-LENGTH DATA ELEMENTS--GENERAL INFORMATION |
| fixed length control field |
181216s1995||||enk|||||||||||||| ||eng|| |
| 020 ## - INTERNATIONAL STANDARD BOOK NUMBER |
| International Standard Book Number |
3190021437 |
| 040 ## - CATALOGING SOURCE |
| Transcribing agency |
GE_BSU |
| 041 ## - LANGUAGE CODE |
| Language code of text/sound track or separate title |
eng |
| 080 ## - UNIVERSAL DECIMAL CLASSIFICATION NUMBER |
| Universal Decimal Classification number |
81'25.112+81'25.111 F-92 |
| 100 ## - MAIN ENTRY--PERSONAL NAME |
| Personal name |
Wolf, Friederich |
| 9 (RLIN) |
13825 |
| 245 ## - TITLE STATEMENT |
| Title |
Technik De Ubersetzens : |
| Remainder of title |
Englisch und Deutsch / |
| Statement of responsibility, etc. |
Friederich, Wolf |
| 264 ## - PRODUCTION, PUBLICATION, DISTRIBUTION, MANUFACTURE, AND COPYRIGHT NOTICE |
| Place of production, publication, distribution, manufacture |
Munchen : |
| Name of producer, publisher, distributor, manufacturer |
Max Hueber Verlag, |
| Date of production, publication, distribution, manufacture, or copyright notice |
1995. |
| 300 ## - PHYSICAL DESCRIPTION |
| Extent |
146 p. ; |
| Other physical details |
21cm. |
| 522 ## - GEOGRAPHIC COVERAGE NOTE |
| Geographic coverage note |
Bibl. p.:144-145 |
| 653 ## - INDEX TERM--UNCONTROLLED |
| keyword |
Englisch und Deutsch |
| 653 ## - INDEX TERM--UNCONTROLLED |
| keyword |
Technik De Ubersetzens |
| 653 ## - INDEX TERM--UNCONTROLLED |
| keyword |
Технология перевода |
| 653 ## - INDEX TERM--UNCONTROLLED |
| keyword |
თარგმნის ტექნოლოგია |
| 942 ## - ADDED ENTRY ELEMENTS (KOHA) |
| Koha item type |
წიგნი |
| Source of classification or shelving scheme |
|